Managerial Accounting (Record no. 350040)

000 -LEADER
fixed length control field 00510nam a22001817a 4500
003 - CONTROL NUMBER IDENTIFIER
control field OSt
005 - DATE AND TIME OF LATEST TRANSACTION
control field 20180116183006.0
008 - FIXED-LENGTH DATA ELEMENTS--GENERAL INFORMATION
fixed length control field 150806b xxu||||| |||| 00| 0 eng d
020 ## - INTERNATIONAL STANDARD BOOK NUMBER
International Standard Book Number 9789339205256
040 ## - CATALOGING SOURCE
Transcribing agency 0
082 ## - DEWEY DECIMAL CLASSIFICATION NUMBER
Edition number 9th
Classification number 658.1511 HIL 2014
100 ## - MAIN ENTRY--PERSONAL NAME
Personal name Ronald W. Hilton
245 ## - TITLE STATEMENT
Title Managerial Accounting
Remainder of title Creating Value in a Global Business Environment
Statement of responsibility, etc. Ronald W. Hilton
260 ## - PUBLICATION, DISTRIBUTION, ETC.
Place of publication, distribution, etc. India
Name of publisher, distributor, etc. McGraw Hill
Date of publication, distribution, etc. 2014
300 ## - PHYSICAL DESCRIPTION
Extent 833 p.
Other physical details PB
440 ## - SERIES STATEMENT/ADDED ENTRY--TITLE
Title Managerial Accounting
942 ## - ADDED ENTRY ELEMENTS (KOHA)
Source of classification or shelving scheme
Koha item type Book
Holdings
Withdrawn status Lost status Source of classification or shelving scheme Damaged status Not for loan Collection code Permanent Location Current Location Shelving location Date acquired Total Checkouts Full call number Barcode Date last seen Date last checked out Price effective from Koha item type
            Central Library (CL) Central Library (CL) General Stacks 08/06/2015 2 658.1511 HIL 2014 NBS9298 06/22/2017 02/08/2017 08/06/2015 Book
© 2023 Central Library, National University of Sciences and Technology. All Rights Reserved.